000 00607nam a2200205Ia 4500
003 OSt
005 20250701111548.0
008 210210b1989 xxu||||| |||| 00| 0 eng d
040 _cAL
041 _aKannada
082 _aK894.9 SAUR
100 _aSAUMENDRANTHA THAKUR
_dಸೌಮೇಂದ್ರಂತ ಠಾಕೂರ್
_9216692
245 _aRaja Rammohanaray
_bರಾಜಾರಾಮ್ ಮೋಹನ ರಾಯ್
260 _aHosa Dehali
_bSahitya Akademi
_c1989
300 _a61
650 _aSahitya Akademi
_9216693
690 _aKannada Criticism
_9216694
906 _a045484
942 _2ddc
_cBK
999 _c94694
_d94694